000 00640nam a2200181Ia 4500
008 090124s9999 xx 000 0 und d
082 _b24485
_a2538
100 _aभार्गव चंद्रकला
245 _a शोध स्वत:चा (आत्मचरित्र)
250 _a1
260 _c1984
300 _a112+1
600 _aभार्गव चंद्रकला
630 _a शोध स्वत:चा (आत्मचरित्र)
700 _aभार्गव चंद्रकला
730 _a शोध स्वत:चा (आत्मचरित्र)
942 _cBOOK
999 _c138042
_d138042